Statistics for South Carolina Counties

Click here to take the quiz!

General Stats

  • This quiz has been taken 279 times
  • The average score is 28 of 46

Answer Stats

Hint Answer % Correct
10Charleston
86%
23Greenville
82%
2Aiken
81%
42Spartanburg
80%
26Horry
77%
4Anderson
76%
21Florence
74%
38Orangeburg
72%
46York
70%
40Richland
69%
32Lexington
69%
43Sumter
68%
1Abbeville
68%
7Beaufort
68%
12Chester
65%
37Oconee
63%
31Lee
63%
16Darlington
62%
39Pickens
62%
29Lancaster
62%
22Georgetown
61%
9Calhoun
61%
15Colleton
60%
18Dorchester
60%
44Union
60%
27Jasper
60%
17Dillon
57%
3Allendale
57%
24Greenwood
56%
30Laurens
55%
33Marion
54%
11Cherokee
54%
34Marlboro
53%
36Newberry
53%
41Saluda
53%
5Bamberg
53%
8Berkeley
52%
13Chesterfield
52%
19Edgefield
52%
35McCormick
51%
6Barnwell
51%
28Kershaw
50%
25Hampton
49%
45Williamsburg
48%
20Fairfield
47%
14Clarendon
46%

Score Distribution

Percentile by Number Answered

Percent of People with Each Score

Your Score History

You have not taken this quiz